000 00710nam a22002177a 4500
005 20140310183639.0
008 131214b xxu||||| |||| 00| 0 eng d
020 _a9780071745321
050 _aQA 76.9.D37
_b.L117 2011
100 _aLaberge, Robert.
245 _aThe data warehouse mentor :
_bpractical data warehouse and business intelligence insights /
_cRobert Laberge.
260 _aNew York :
_bMcGraw-Hill,
_c2011.
300 _axxv, 388 p. :
_bill. ;
_c24 cm.
504 _aIncludes Index.
521 _aIT
650 _aData warehousing.
650 _aBusiness intelligence.
650 _aCOMPUTERS / Database Management / Data Warehousing.
942 _2lcc
_cBK
_kFOR
999 _c25782
_d25782